Textbook of fluid mechanics

Сохранить в:
Библиографические подробности
Главный автор: MUKHOPADHYAY, Suparna
Формат:
Язык:английский
Опубликовано: CBS Publishers 2014
Метки: Добавить метку
Нет меток, Требуется 1-ая метка записи!

MARC

LEADER 00000nam a22000007a 4500
008 240521b |||||||| |||| 00| 0 eng d
020 |a 9788123923406 
100 |a MUKHOPADHYAY, Suparna 
245 |a Textbook of fluid mechanics  |c /Surparna Mukhopadhyay  |g xii, 338p 
260 |b CBS Publishers  |c 2014  |h New Delhi  |i 701359  |i 701360  |l TA357.M89  |m Fluid mechanics 
942 |a lcc  |c BK  |e Johnson  |f 21/05/24 
952 |0 0  |1 0  |2 lcc  |4 0  |6 TA0357 M89  |7 0  |9 5124  |a TL  |b HOL  |c QZ  |d 2024-05-21  |l 0  |o TA357.M89  |p 2024-0371  |r 2024-05-21 00:00:00  |t 701359  |w 2024-05-21  |y BK 
952 |0 0  |1 0  |2 lcc  |4 0  |6 TA0357 M89  |7 0  |9 5125  |a HOL  |b HOL  |c QZ  |d 2024-05-21  |l 0  |o TA357.M89  |p 2024-0372  |r 2024-05-21 00:00:00  |t 701360  |w 2024-05-21  |y BK 
999 |c 2547  |d 2547